000 01207cam a2200133 4500500
005 20260405085520.0
041 _afre
042 _adc
100 1 0 _aBlanckeman, Bruno
_eauthor
245 0 0 _aLire Patrick Modiano
260 _bArmand Colin,
_c2009.
520 _aPatrick Modiano a été récompensé par le prix Nobel 2014 de littérature pour « l'art de la mémoire avec lequel il a évoqué les destinées humaines les plus insaisissables et dévoilé le monde de l'Occupation ». Dans ses romans, il entrelace les fils d’une trame à chaque fois différente, tissu de déterminations historiques et intimes. L’écrivain tente de saisir des existences qui toujours lui échappent, la sienne comme celles des autres, pareillement entrevues et perdues. Trouble et malaise esquissent ainsi l’histoire incertaine d’une civilisation, d’une famille, d’une littérature, unies dans un même désastre. Le présent ouvrage suit le parcours de cette oeuvre singulière, aux prises avec les infinies variations d’une écriture attachée à saisir d’insaisissables vérités.
856 4 1 _uhttps://shs.cairn.info/lire-patrick-modiano--9782200243272?lang=fr&redirect-ssocas=7080
999 _c2198211
_d2198211